00387nam a2200157Ia 4500008004100000020001500041041001200056082001600068100001700084245006400101250000800165260001400173300000900187650001400196700001900210221030s9999 xx 000 0 und d a8120321413 aEnglish a105.23bCor aT. H. Cormen 0aIntroduction to Algorithmscby T. H. Cormen, C.E. Leiserson a2nd bPHIc2006 a1180 aComputers aC.E. Leiserson